Methods of Transportation by Emoji - Statistics

General Stats
  • This quiz has been taken 198 times
  • The average score is 10 of 14
Answer Stats
Emoji Method of Transportation % Correct
🚆 Train
92%
🚗 Automobile
90%
🚕 Taxi
90%
🚌 Bus
87%
🚁 Helicopter
82%
🏍 Motorcycle
78%
🚀 Rocket
78%
🚲 Bicycle
77%
🛴 Scooter
77%
Airplane
72%
🚢 Ship
70%
🚋 Tram
52%
🚝 Monorail
21%
🚠 Mountain Cableway
7%
No matching quizzes found
Score Distribution
Percent of People with Each Score
Percentile by Number Answered
Your Score History
You have not taken this quiz